Escenas matritenses / (Record no. 159521)

MARC details
000 -LEADER
campo de control de longitud fija 02449nam a22004215i 4500
001 - NÚMERO DE CONTROL
campo de control 159521
003 - IDENTIFICADOR DE NÚMERO DE CONTROL
campo de control ES-MaACL
005 - FECHA Y HORA DE LA ÚLTIMA TRANSACCIÓN
campo de control 20231227153619.0
008 - DATOS DE LONGITUD FIJA--INFORMACIÓN GENERAL
campo de control de longitud fija 960313s1851 sp a |||| | spa d
080 ## - NÚMERO DE LA CLASIFICACIÓN DECIMAL UNIVERSAL
Número de la Clasificación Decimal Universal 39(460.27 M.)"18"
080 ## - NÚMERO DE LA CLASIFICACIÓN DECIMAL UNIVERSAL
Número de la Clasificación Decimal Universal 821.134.2-94"18"
080 ## - NÚMERO DE LA CLASIFICACIÓN DECIMAL UNIVERSAL
Número de la Clasificación Decimal Universal 821.134.2-94"18"(082.2)
100 1# - ENTRADA PRINCIPAL--NOMBRE DE PERSONA
Nombre de persona Mesonero Romanos, Ramón de,
Fechas asociadas al nombre 1803-1882
9 (RLIN) 80672
245 10 - MENCIÓN DEL TÍTULO
Título Escenas matritenses /
Mención de responsabilidad, etc. por el Curioso Parlante (D. Ramón de Mesonero Romanos) ; [prólogo de Juan Eugenio Hartzenbusch].
250 ## - MENCION DE EDICION
Mención de edición 5ª ed., única completa, aum. y corr. por el autor e ilustrada con 50 grabados.
260 ## - PUBLICACIÓN, DISTRIBUCIÓN, ETC.
Lugar de publicación, distribución, etc. Madrid :
Nombre del editor, distribuidor, etc. Imp. y Librería de Gaspar y Roig,
Fecha de publicación, distribución, etc. 1851.
300 ## - DESCRIPCIÓN FÍSICA
Extensión 242, 382 p. :
Otras características físicas il. ;
Dimensiones 28 cm.
490 1# - MENCIÓN DE SERIE
Mención de serie Biblioteca ilustrada de Gaspar y Roig
505 8# - NOTA DE CONTENIDO CON FORMATO
Nota de contenido con formato Contiene: Primera época: 1832 a 1836 ; Segunda época: 1836 a 1842 ; Apéndice ; Poesías festivas (242 p.)
505 8# - NOTA DE CONTENIDO CON FORMATO
Nota de contenido con formato Contiene también: Los españoles pintados por sí mismos, adornada con 100 láminas (382 p.)
530 ## - NOTA DISPONIBLE DE FORMULARIO FÍSICO ADICIONAL
Nota de formato físico adicional disponible Disponible en formato digital.
595 ## -
-- Según Palau, 1663389, el editor presentó esta ed. enc. y precedida de la reimp. de "Los españoles pintados por sí mismos", por varios autores.
597 ## - NOTA DE DESCRIPCIÓN FÍSICA
NOTA DE DESCRIPCIÓN FÍSICA Port. con retrato xil. del autor, firmado por "Coderch"
599 ## - NOTA A LAS ILUSTRACIONES
NOTA A LAS ILUSTRACIONES Grabados de Vallejo, Vilaplana, Rico, Giménez, Coderch, Toro, Capuz, Severini, Carnicero, Martí, Cochar, Llopis y Cibera.
650 #4 - PUNTO DE ACCESO ADICIONAL DE MATERIA--TÉRMINO DE MATERIA
Término de materia o nombre geográfico como elemento de entrada Costumbrismo-
Subdivisión geográfica España.
9 (RLIN) 150124
651 #4 - PUNTO DE ACCESO ADICIONAL DE MATERIA--NOMBRE GEOGRÁFICO
Nombre geográfico Madrid-
Subdivisión general Usos y costumbres-
Subdivisión cronológica S.XIX.
9 (RLIN) 8988
651 #4 - PUNTO DE ACCESO ADICIONAL DE MATERIA--NOMBRE GEOGRÁFICO
Nombre geográfico España-
Subdivisión general Usos y costumbres-
Subdivisión cronológica S.XIX.
9 (RLIN) 8521
700 1# - ENTRADA AGREGADA--NOMBRE PERSONAL
Nombre de persona Hartzenbusch, Juan Eugenio,
Fechas asociadas al nombre 1806-1880
9 (RLIN) 62011
700 1# - ENTRADA AGREGADA--NOMBRE PERSONAL
Nombre de persona Coderch
Títulos y otros términos asociados al nombre (ilustrador)
9 (RLIN) 172970
740 42 - ENTRADA AGREGADA--TÍTULO RELACIONADO/ANALÍTICO NO CONTROLADO
Título relacionado o analítico no controlado Los españoles pintados por sí mismos.
830 1# - PUNTO DE ACCESO ADICIONAL DE SERIE-TÍTULO UNIFORME
Título uniforme Biblioteca ilustrada de Gaspar y Roig
9 (RLIN) 177255
852 ## - LOCALIZACIÓN
Ubicación ES-MaACL
Número de control de estantería R-2994(1)
Nota libre - Enc. hol.
852 ## - LOCALIZACIÓN
Ubicación ES-MaACL
Número de control de estantería R-3442(2)
Nota libre - Enc. hol.
856 ## - LOCALIZACIÓN Y ACCESO ELECTRÓNICOS
Identificador Uniforme de Recursos <a href="http://bdh-rd.bne.es/viewer.vm?id=0000108760&page=1 ">http://bdh-rd.bne.es/viewer.vm?id=0000108760&page=1 </a>
Nota pública Biblioteca Digital Hispánica
-- (Escenas matritenses)
856 ## - LOCALIZACIÓN Y ACCESO ELECTRÓNICOS
Identificador Uniforme de Recursos <a href="http://bdh-rd.bne.es/viewer.vm?id=0000245617&page=1 ">http://bdh-rd.bne.es/viewer.vm?id=0000245617&page=1 </a>
Nota pública Biblioteca Digital Hispánica
-- (Los españoles pintados por sí mismos)
856 ## - LOCALIZACIÓN Y ACCESO ELECTRÓNICOS
Identificador Uniforme de Recursos <a href="https://bibliotecavirtualmadrid.comunidad.madrid/bvmadrid_publicacion/es/consulta/registro.do?id=9473">https://bibliotecavirtualmadrid.comunidad.madrid/bvmadrid_publicacion/es/consulta/registro.do?id=9473</a>
Nota pública Biblioteca Digital de la Comunidad de Madrid
-- (Escenas matritenses y Los españoles pintados por sí mismos)
Holdings
Estatus retirado Estado de pérdida Estado de daño No para préstamo Colección Biblioteca de origen Biblioteca actual Ubicación en estantería Fecha de adquisición Fuente de adquisición Total de préstamos Signatura topográfica completa Código de barras Visto por última vez Precio de reemplazo Tipo de ítem Koha
        Colección digital Biblioteca del Ateneo de Madrid Biblioteca del Ateneo de Madrid Depósito 17/01/2008     R-3442(2) 1166999 23/02/2023 23/02/2023 Libro impreso antiguo
        Colección digital Biblioteca del Ateneo de Madrid Biblioteca del Ateneo de Madrid Depósito 17/01/2008     R-2994 1166998 23/02/2023 23/02/2023 Libro impreso antiguo